000 00906nam0a2200313 4500
001 RU\NLR\bibl\1383334
005 20250615194150.0
010 _a978-5-903922-27-7
_950
021 _aRU
_b2009-31792
_91919
035 _a(nilc)RSL-KNO-004316592
035 _a(NLR Aleph) 001375409
090 _a1068248
_c1068248
100 _a20090410d2009 |||y0rusy50 ca
101 0 _arus
102 _aRU
105 _ac |||||||||
200 1 _aОсколки
_e[стихи]
_fОльга Шатская
210 _aМосква
_cМЭЙЛЕР
_d2009
215 _a[2], 125 с.
_cпортр.
_d21
686 _aШ5(2=Р)75-65я44
_2rubbk
686 _aШ6(2=Р)75-5
700 1 _aШатская
_bО.
_f1957-
_gОльга
_4070
801 0 _aRU
_bРКП
_c20090410
_grcr
801 1 _aRU
_bРГБ
_c20090410
801 2 _aRU
_bNLR
_c20090618
_grcr
942 _cBOOK
980 _aNB